000 01127naa a22003137a 4500
001 BR9301783
003 BR-BrBNA
005 20240918181031.0
007 ta
008 230509b bl.||||| |||| 00| 0 por d
040 _aBR-BrBNA
_bpor
_cBiblioteca Nacional de Agricultura
041 _a(Pt)
072 _aN10
090 _aN10 BR9301783
100 1 _aFreire, W.J.
100 1 _aFerrao, A.M. de A.
111 1 _a22. Congresso Brasileiro de Engenharia Agricola
_cIlheus, BA (Brazil)
_d19-23 Jul 1993
245 1 _aComportamento de corpos de prova de bambu submetidos a processos de umedecimento e secagem
260 3 _aIlheus, BA (Brasil):
_c1993.
500 _a22. Congresso Brasileiro de Engenharia Agricola. Anais Ilheus, BA (Brasil): 1993. v. 1 p. 214-222 (BR9301783-AM)N10
650 _aInstalacao Agricola
650 _aBambu
650 _aMaterial de Construcao
650 _aSecagem
650 _aUmidade
773 0 _t22. Congresso Brasileiro de Engenharia Agricola. Anais
_wN10 BR9301783
_gIlheus, BA (Brasil), 1993. v. 1 p. 214-222
909 _a202404
_bLucia
_c55
_dLucia Elande
942 _cAM
_2AGRIS
999 _c323293
_d323293